| 000 | 01407nam a2200373 b 4500 | ||
|---|---|---|---|
| 999 |
_c64566 _d64566 |
||
| 001 | bimo0000374099 | ||
| 003 | SpMaBN | ||
| 005 | 20180924085331.0 | ||
| 008 | 930105s1990 sp | |||| ||spa d | ||
| 017 |
_aB 25631-1990 _bOficina Depósito Legal Barcelona |
||
| 020 | _a847645418X | ||
| 040 |
_aSpMaBN _bspa _cCO-MdFUSB _dCO-MdFUSBC _erda |
||
| 041 | _aspa | ||
| 080 | 4 | _a22.07 | |
| 082 |
_223 _a220.13 _bG274 |
||
| 100 | 1 |
_aGlaussen, L. _eautor |
|
| 245 | 0 | 3 |
_aLa inspiración divina de la Biblia _c/ L. Gaussen ; traductor Samuel Vila |
| 264 | 1 |
_aBarcelona, España : _bClie, _c℗[1990] |
|
| 300 |
_a317 páginas ; _c23 cm |
||
| 336 |
_2rdacontent _atexto _btxt |
||
| 337 |
_2rdamedia _asin mediación _bn |
||
| 338 |
_2rdacarrier _avolumen _bnc |
||
| 505 | _aPrefacio -- 1. Su significado -- 2. Su prueba escritural -- 3. Sus aspectos doctrinales -- 4. Examen de las objeciones a la misma -- 5. Examen de sus evaciones -- 6. Su criticismo científico -- 7. Nuestras conclusiones | ||
| 563 | _aTapa dura | ||
| 650 | 0 |
_9360 _aBiblia _bEvidencias, autoridad, etc. |
|
| 700 | 1 |
_aVila, Samuel _etraductor |
|
| 942 | _cBK | ||
| 956 | _a1 2 | ||
| 980 |
_aM-BN _bBNMADRID _j9/91441 _cSG_RECOLET |
||
| 980 |
_aB 25631-1990 _aM-BN _bBNALCALA _jAHM/88940 _cSALA_ALC |
||
| 980 |
_aM-BN _bBNALCALA _jDL/539433 _cCONSERVACI |
||